|
|
|
|
| LEADER |
01058nab a2200241 i 4500 |
| 001 |
misc62406 |
| 005 |
20221025083834.0 |
| 008 |
220404s1953 hu o 0|| ger d |
| 040 |
|
|
|a SZTE Miscellanea Repozitórium
|b hun
|
| 041 |
|
|
|a ger
|
| 041 |
|
|
|a rus
|
| 100 |
1 |
|
|a Hajdú Péter
|
| 245 |
1 |
4 |
|a Die ältesten Berührungen zwischen den Samojeden und den jenisseischen Völkern
|h [elektronikus dokumentum] /
|c Hajdú Péter
|
| 260 |
|
|
|c 1953
|
| 300 |
|
|
|a 73-101
|c 24 cm
|
| 300 |
|
|
|a [29] p.
|c 24 cm
|
| 490 |
0 |
|
|a Acta Orientalia Academiae Scientiarum Hungaricae;Acta Orientalia Academiae Scientiarum Hungaricae : a Magyar Tudományos Akadémia orientalisztikai közleményei;Acta Orientalia Academiae Scientiarum Hungaricae
|
| 561 |
|
|
|a Németh Gyula hagyaték
|
| 591 |
|
|
|a LOU 1351; NOU 2144; NOU 2145
|
| 650 |
|
4 |
|a Bölcsészettudományok
|
| 650 |
|
4 |
|a Történettudomány és régészet
|
| 695 |
|
|
|a Jenyiszeji népek története, Szamojéd népek története
|
| 856 |
4 |
0 |
|u http://misc.bibl.u-szeged.hu/62406/1/2144_nou_h12.pdf
|z Dokumentum-elérés
|